ნორმალური ფორმატი
MARC ფორმატი
ჩანაწერი Personal Name
ჩანაწერთა რაოდენობა, რომელიც გამოყენებულია: 7
001 - CONTROL NUMBER
- control field: 4014
003 - CONTROL NUMBER IDENTIFIER
- control field: GE_BSU
005 - DATE AND TIME OF LATEST TRANSACTION
- control field: 20190916114816.0
008 - FIXED-LENGTH DATA ELEMENTS
- fixed length control field: 190916|| aca||aabn | a|a d
040 ## - CATALOGING SOURCE
- Original cataloging agency: GE_BSU
- Transcribing agency: GE_BSU
100 ## - HEADING--PERSONAL NAME
- Personal name: ჯორბენაძე, სერგო
670 ## - SOURCE DATA FOUND
- Source citation: Work cat.: (GE_BSU)38010: ჯორბენაძე, სერგო, საცხოვრებელი სახლი და მოქალაქეთა საბინაო უფლება-მოვალეობანი /
